Deutsch Heute: Sprachentwicklung-Sprachwandel-Sprachkultur bakalárska práca

Salvato in:
Dettagli Bibliografici
Autore principale: Gulyás, Eszter
Ente Autore: Fakulta aplikovaných jazykov EU v Bratislave. Katedra jazykovedy a translatológie
Altri autori: Adamcová, Lívia
Natura: Libro
Lingua:tedesco
Pubblicazione: Bratislava 2019
Tags: Aggiungi Tag
Nessun Tag, puoi essere il primo ad aggiungerne!!

MARC

LEADER 00000nbm a2200000 4500
001 0254721
005 20191106104939.3
041 0 |a ger 
044 |a SK 
245 1 0 |a Deutsch Heute: Sprachentwicklung-Sprachwandel-Sprachkultur  |b bakalárska práca  |c Eszter Gulyás ; školiteľ: Lívia Adamcová 
264 1 |a Bratislava  |c 2019 
300 |a 61 s. 
100 1 |a Gulyás, Eszter 
700 1 |a Adamcová, Lívia 
710 2 |a Fakulta aplikovaných jazykov EU v Bratislave. Katedra jazykovedy a translatológie